000 00677nam a2200169 i 4500
001 160564
003 ES-MaACL
005 20230906212055.0
008 950206s1873 sp a |||| | spa d
040 _aCLM
_bspa
_cCCPB | PA2
100 1 _aNavarro Soler, Diego.
_9130405
245 1 0 _aCultivo perfeccionado de las hortalizas
_b: con todos los adelantos en el arte de forzarlas /
_cNavarro y Soler.
260 _aMadrid :
_bLibrería de Cuesta,
_c1873.
300 _a340 p., 6 h. de lám. ;
_c18 cm.
650 0 4 _aHorticultura.
_913480
852 _aES-MaACL
_jG-7863
_z-- Enc. hol., conservando la cub. original
_z-- Legado Gustavo Saenz Diez
_q-- Falto de la port. y prelim.
999 _c160564
_d160564